| 000 | 00000nam 2200000zi 4500 |
| 001 | 9.945379 |
| 003 | CaOODSP |
| 005 | 20241120132430 |
| 006 | m o d f |
| 007 | cr mn||||||||| |
| 008 | 241120s2023 onca ob f000 0 fre d |
| 040 | |aCaOODSP|bfre|erda|cCaOODSP |
| 043 | |an-cn--- |
| 086 | 1 |aHP5-165/2023F-PDF |
| 245 | 00|aPlan d'intervention d'urgence du portefeuille de la Santé (PIUPS). |
| 264 | 1|a[Ottawa] : |bSanté Canada et l'Agence de la santé publique du Canada = Health Canada and Public Health Agency of Canada, |c2023. |
| 300 | |a1 ressource en ligne (60 pages) : |billustrations en couleur |
| 336 | |atexte|btxt|2rdacontent/fre |
| 337 | |ainformatique|bc|2rdamedia/fre |
| 338 | |aressource en ligne|bcr|2rdacarrier/fre |
| 500 | |aPublié aussi en anglais sous le titre : Health Portfolio emergency response plan (HP ERP). |
| 504 | |aComprend des références bibliographiques. |
| 520 | |a« Le PIU décrit un cadre de planification opérationnelle permettant au portefeuille de la Santé de coordonner la mise en Ĺ“uvre des capacités de soutien aux provinces, aux territoires, aux autres ministères fédéraux et aux partenaires internationaux lors d'une situation d'urgence. Le PIU est un élément clé fondamental du programme global de mesures et d'interventions en cas d'urgence du portefeuille de la Santé. Le PIU est un plan « tous risques » qui définit le cadre dans lequel l'Agence de la santé publique du Canada (ASPC) et Santé Canada (SC) mèneront leurs activités pour garantir une intervention appropriée à toute situation d'urgence; il est complété par des annexes abordant des menaces et des risques spécifiques. … » -- Résumé, page 3. |
| 610 | 20|aAgence de santé publique du Canada. |
| 610 | 10|aCanada. |bSanté Canada. |
| 650 | 6|aGestion des situations d'urgence|zCanada. |
| 710 | 2 |aAgence de santé publique du Canada, |eorganisme de publication. |
| 710 | 1 |aCanada. |bSanté Canada, |eorganisme de publication. |
| 775 | 08|tHealth Portfolio emergency response plan (HP ERP).|w(CaOODSP)9.945333 |
| 856 | 40|qPDF|s1.19 Mo|uhttps://publications.gc.ca/collections/collection_2024/aspc-phac/HP5-165-2023-fra.pdf |
| 856 | 4 |qHTML|sS.O.|uhttps://www.canada.ca/fr/sante-publique/services/publications/securite-et-risque-pour-sante/plan-dintervention-durgence-portefeuille-sante.html |